000 01656nam a2200433 c 4500
999 _c50907
_d50907
001 50907
003 ES-MaCES
005 20180829125001.0
007 cr |||||||||||
008 180829s2018 sp r 000 | eng d
017 _aM 9112-2018
_bDL
040 _aES-MaCES
_bspa
_cES-MaCES
245 0 0 _aPerfilado estadístico
_hRecurso electrónico
_b: un método para diseñar políticas activas de empleo
_cFlorentino Felgueroso, José Ignacio García-Pérez y Sergi Jiménez-Martín (coords.) ; Brindusa Anghel ... [et al.] ( cols.)
260 _aMadrid
_bFundación Ramón Areces
_c2018
300 _a1 documento pdf
_c(2,79 mb)
500 _aEn la port.: Fedea
504 _aBibliografía: p. 231-239
541 _cGratuito
650 4 _aempleo
_928299
650 4 _amercado de trabajo
_928292
650 4 _apolítica de empleo
_928300
650 4 _aservicio de empleo
_928311
650 4 _aempleabilidad
_929674
650 4 _anecesidad de mano de obra
_928296
650 4 _adesempleados
_929258
650 4 _apolítica de empleo
_928300
650 4 _aanálisis estadístico
_928889
650 4 _amétodo estadístico
_929536
650 4 _aEspaña
_926964
653 1 0 _aEmpleo
700 1 _aFelgueroso Fernández, Florentino
_911690
_ecoord.
700 1 _aGarcía Pérez, José Ignacio
_913028
_ecoord.
700 1 _aJiménez-Martín, Sergi
_915448
_ecoord.
700 1 _aAnghel, Brindusa
_939246
_ecol.
710 2 _aFundación de Estudios de Economía Aplicada (Madrid)
_93791
856 4 _uhttp://biblioteca.ces.es/repintra/B50907.pdf
_ytexto completo
_z[intranet]
902 _aELE PUB. ELECTRONICA
942 _2CES
_cBK
_h2.1.